| 000 | 05836cam a22019574i 4500 | ||
|---|---|---|---|
| 003 | PE-LiUPU | ||
| 005 | 20250813170003.0 | ||
| 008 | 150706s2001 mx r 000 0 spa d | ||
| 020 | _a9684267045 | ||
| 020 | _a9789684267046 | ||
| 035 | _a(Sirsi) i9789684267046 | ||
| 040 |
_aPE-LiUPU _bspa _cPE-LiUPU _dPE-LiUPU _erda |
||
| 049 | _aPRUA | ||
| 082 | 0 | 4 |
_a616.73 _bN82 _221 |
| 082 | 0 | 4 |
_a616.73 _bN82 2001 _221 |
| 100 | 1 |
_aNordmark, Madelyn T., _eautor. |
|
| 245 | 1 | 0 |
_aBases científicas de la enfermería / _cMadelyn T. Nordmark, Anne W. Rohweder. |
| 250 | _aSegunda edición. | ||
| 264 | 1 |
_aMéxico : _bManual Moderno, _c2001. |
|
| 300 |
_a712 páginas ; _c21 centímetros |
||
| 336 |
_atext _2rdacontent |
||
| 337 |
_aunmediated _2rdamedia |
||
| 338 |
_avolume _2rdacarrier |
||
| 505 | 0 | _aOrientación -- Las ciencias físicas y biológicas y su relación con los cuidados de enfermería -- Principios psicosociales y sus aplicaciones en la enfermería -- Guía de uso para los instructores de enfermería. | |
| 526 | _aP203 | ||
| 526 | _aP200 | ||
| 526 | _aSEG65 | ||
| 526 | _aSEG64 | ||
| 526 | _aSEG63 | ||
| 526 | _aSEG62 | ||
| 526 | _aSEG61 | ||
| 526 | _aSEG60 | ||
| 526 | _aSEG59 | ||
| 526 | _aSEG58 | ||
| 526 | _aSEG57 | ||
| 526 | _aSEG56 | ||
| 526 | _aSEG55 | ||
| 526 | _aSEG54 | ||
| 526 | _aSEG53 | ||
| 526 | _aSEG52 | ||
| 526 | _aSEG51 | ||
| 526 | _aSEG50 | ||
| 526 | _aSEG49 | ||
| 526 | _aSEG48 | ||
| 526 | _aSEG47 | ||
| 526 | _aSEG46 | ||
| 526 | _aSEG24 | ||
| 526 | _aSEG23 | ||
| 526 | _aSEG22 | ||
| 526 | _aSEG21 | ||
| 526 | _aSEG20 | ||
| 526 | _aSEG19 | ||
| 526 | _aSEG18 | ||
| 526 | _aSEG17 | ||
| 526 | _aSEG16 | ||
| 526 | _aSEG14 | ||
| 526 | _aSEG13 | ||
| 526 | _aSEG12 | ||
| 526 | _aSEG11 | ||
| 526 | _aSEG10 | ||
| 526 | _aSEG09 | ||
| 526 | _aSEG06 | ||
| 526 | _aSEG05 | ||
| 526 | _aSEG04 | ||
| 526 | _aSEG03 | ||
| 526 | _aSEG02 | ||
| 526 | _aSEG68 | ||
| 526 | _aSEG66 | ||
| 526 | _aSEG45 | ||
| 526 | _aSEG25 | ||
| 526 | _aSEG01 | ||
| 526 | _aP163 | ||
| 526 | _aP162 | ||
| 526 | _aP161 | ||
| 526 | _aP160 | ||
| 526 | _aP159 | ||
| 526 | _aP158 | ||
| 526 | _aP157 | ||
| 526 | _aP156 | ||
| 526 | _aP155 | ||
| 526 | _aP154 | ||
| 526 | _aP153 | ||
| 526 | _aP152 | ||
| 526 | _aP151 | ||
| 526 | _aP150 | ||
| 526 | _aP149 | ||
| 526 | _aP142 | ||
| 526 | _aP141 | ||
| 526 | _aP140 | ||
| 526 | _aP139 | ||
| 526 | _aP138 | ||
| 526 | _aP137 | ||
| 526 | _aP132 | ||
| 526 | _aP131 | ||
| 526 | _aP130 | ||
| 526 | _aP126 | ||
| 526 | _aP125 | ||
| 526 | _aP124 | ||
| 526 | _aP123 | ||
| 526 | _aP115 | ||
| 526 | _aP122 | ||
| 526 | _aP121 | ||
| 526 | _aP116 | ||
| 526 | _a P114 | ||
| 526 | _aP112 | ||
| 526 | _aP111 | ||
| 526 | _aP104 | ||
| 526 | _aP103 | ||
| 526 | _aP102 | ||
| 526 | _aP101 | ||
| 526 | _aP100 | ||
| 526 | _aP96 | ||
| 526 | _aP95 | ||
| 526 | _aP93 | ||
| 526 | _aP92 | ||
| 526 | _aP91 | ||
| 526 | _aP88 | ||
| 526 | _aP83 | ||
| 526 | _aP82 | ||
| 526 | _aP79 | ||
| 526 | _aP78 | ||
| 526 | _aP75 | ||
| 526 | _aP74 | ||
| 526 | _aP71 | ||
| 526 | _aP69 | ||
| 526 | _a P51 | ||
| 526 | _aP49 | ||
| 526 | _aP48 | ||
| 526 | _aP47 | ||
| 526 | _aP33 | ||
| 526 | _aP31 | ||
| 526 | _a P30 | ||
| 526 | _aP29 | ||
| 526 | _aP27 | ||
| 526 | _aP26 | ||
| 526 | _aP25 | ||
| 526 | _aP24 | ||
| 526 | _a P22 | ||
| 526 | _aP10 | ||
| 526 | _aP09 | ||
| 526 | _a P08 | ||
| 526 | _aP06 | ||
| 526 | _aP05 | ||
| 526 | _aP04 | ||
| 526 | _aP01 | ||
| 541 | _g015-0011192; | ||
| 650 | 1 | 4 |
_aEnfermería. _93122 |
| 700 | 1 |
_aRohweder, Anne W, _eautor. |
|
| 910 |
_agl _bjv _clch _d20100301 |
||
| 942 |
_2ddc _cBOOK |
||
| 949 |
_a610.7 N82 _wDEWEY _c1 _i23914 _lCCODEBUL1 _mBUL _r0 _sY _tBOOK _u2015-4-23 _xSALUD _zUNKNOWN _0COMPRA _o.STAFF. Colección Ciencias de la Salud |
||
| 949 |
_a610.7 N82 _wDEWEY _c2 _i42057 _lCCODEBUL1 _mBUL _r0 _sY _tBOOK _u2015-4-23 _xSALUD _zUNKNOWN _0COMPRA _o.STAFF. Colección Ciencias de la Salud |
||
| 949 |
_a610.7 N82 _wDEWEY _c3 _i19575 _lCCODEBUL1 _mBUL _r0 _sY _tBOOK _u2015-4-23 _xSALUD _zUNKNOWN _0COMPRA _o.STAFF. Colección Ciencias de la Salud |
||
| 949 |
_a610.7 N82 _wDEWEY _c4 _i23915 _lCCODEBUL1 _mBUL _r0 _sY _tBOOK _u2015-4-23 _xSALUD _zUNKNOWN _0COMPRA _o.STAFF. Colección Ciencias de la Salud |
||
| 949 |
_a616.73 N82 2001 _wDEWEY _c1 _iFJ09898 _lCCODEBUJ1 _mBUJ _p44.00 _r0 _sY _tBOOK _u2015-9-10 _xSALUD _PP22 _0COMPRA _o.STAFF. Colección General Juliaca |
||
| 949 |
_a616.73 N82 _wDEWEY _c1 _i61158 _d2016-4-7 _e2016-4-6 _lCCODEBUL1 _mBUL _n1 _p40.00 _r0 _sY _tBOOK _u2015-7-6 _xSALUD _PP22 _0COMPRA _o.STAFF. Colección Ciencias de la Salud |
||
| 994 |
_aC0 _bPEPRU |
||
| 596 | _a1 3 | ||
| 999 |
_a610.7 N82 _wDEWEY _c59754 _i23914 _f2019-12-11 _g4 _lDISCARD _mBUL _r1 _sY _tBOOK _u2015-4-23 _xSALUD _zUNKNOWN _0COMPRA _o.STAFF. Colección General _d59754 |
||
| 999 |
_a610.7 N82 _wDEWEY _c2 _i42057 _f2019-12-11 _g4 _lDISCARD _mBUL _r1 _sY _tBOOK _u2015-4-23 _xSALUD _zUNKNOWN _0COMPRA _o.STAFF. Colección General |
||
| 999 |
_a610.7 N82 _wDEWEY _c3 _i19575 _f2019-12-11 _g4 _lDISCARD _mBUL _r1 _sY _tBOOK _u2015-4-23 _xSALUD _zUNKNOWN _0COMPRA _o.STAFF. Colección General |
||
| 999 |
_a610.7 N82 _wDEWEY _c4 _i23915 _f2019-12-11 _g4 _lDISCARD _mBUL _r1 _sY _tBOOK _u2015-4-23 _xSALUD _zUNKNOWN _0COMPRA _o.STAFF. Colección General |
||
| 999 |
_a616.73 N82 _wDEWEY _c1 _i61158 _d2018-3-21 _e2016-4-6 _f2021-11-4 _g5 _lCCODEBUL1 _mBUL _n1 _p40.00 _q1 _r0 _sY _tBOOK _u2015-7-6 _xSALUD _zP22 _0COMPRA _o.STAFF. Colección Ciencias de la Salud |
||
| 999 |
_a616.73 N82 2001 _wDEWEY _c1 _iFJ09898 _d2020-2-4 _e2017-6-15 _f2022-1-25 _g4 _lCCODEBUJ1 _mBUJ _n4 _p44.00 _q1 _r0 _sY _tBOOK _u2015-9-10 _xSALUD _PP22 _0COMPRA _o.STAFF. Colección General Juliaca |
||
| 980 |
_81 _gALBERTO SANCHEZ Responsable de Automatización |
||